NBA All 1940s Team - Statistics

General Stats
  • This quiz has been taken 97 times
  • The average score is 3 of 10
Answer Stats
Position Team Answer % Correct
C Lakers George Mikan
94%
F Warriors Joe Fulks
63%
G Stags Max Zaslofsky
38%
C Royals Arnie Risen
25%
F Lakers Jim Pollard
25%
G Royals Bob Davies
24%
G Knicks Carl Braun
20%
F Capitols Bones McKinney
15%
F Capitols Bob Feerick
14%
G Bombers Johnny Logan
8%
No matching quizzes found
Score Distribution
Percent of People with Each Score
Percentile by Number Answered
Your Score History
You have not taken this quiz